00432nam a2200133 a 450000100100000000500170001000800410002704000250006808200170009310000220011024501030013226000420023530000210027700002338720200930022201.0101206s1983 mx r 000 0 spa d aDO-SdBNPbspacBNPHU axxxxxbP769c1 aPolitzer, Georges10aCurso de filosofía :bprincipios elementales y fundamentales de filosofía /cGeorges Politzer. aMéxico, D. F. :bQuinto Sol,c1983. a286 p. ;c17 cm.